Atlas of Sarcoidosis Pathogenesis, Diagnosis, and Clinical Features /

Sarcoidosis is a complex multisystem disease. Shortness of breath (dyspnea) and a cough that won't go away can be among the first symptoms of sarcoidosis, but sarcoidosis can also show up suddenly with the appearance of skin rashes and other dermatoses. An Atlas of Sarcoidosis: Pathogenesis, Di...

Πλήρης περιγραφή

Λεπτομέρειες βιβλιογραφικής εγγραφής
Κύριοι συγγραφείς: Mihailovic-Vucinic, Violeta (Συγγραφέας), Sharma, Om P. (Συγγραφέας)
Συγγραφή απο Οργανισμό/Αρχή: SpringerLink (Online service)
Μορφή: Ηλεκτρονική πηγή Ηλ. βιβλίο
Γλώσσα:English
Έκδοση: London : Springer London, 2005.
Θέματα:
Διαθέσιμο Online:Full Text via HEAL-Link
LEADER 03199nam a22005055i 4500
001 978-1-84628-093-1
003 DE-He213
005 20151204155238.0
007 cr nn 008mamaa
008 100301s2005 xxk| s |||| 0|eng d
020 |a 9781846280931  |9 978-1-84628-093-1 
024 7 |a 10.1007/b138736  |2 doi 
040 |d GrThAP 
050 4 |a RL1-803 
072 7 |a MJK  |2 bicssc 
072 7 |a MED017000  |2 bisacsh 
082 0 4 |a 616.5  |2 23 
100 1 |a Mihailovic-Vucinic, Violeta.  |e author. 
245 1 0 |a Atlas of Sarcoidosis  |h [electronic resource] :  |b Pathogenesis, Diagnosis, and Clinical Features /  |c by Violeta Mihailovic-Vucinic, Om P. Sharma. 
264 1 |a London :  |b Springer London,  |c 2005. 
300 |a XII, 117 p.  |b online resource. 
336 |a text  |b txt  |2 rdacontent 
337 |a computer  |b c  |2 rdamedia 
338 |a online resource  |b cr  |2 rdacarrier 
347 |a text file  |b PDF  |2 rda 
505 0 |a The Pioneers of Sarcoidosis -- Pathogenesis -- Diagnosis of Sarcoidosis -- Clinical Features -- Laboratory Investigations and Immunologic Testing -- Pulmonary Sarcoidosis -- Pleural Involvement in Sarcoidosis -- Sarcoidosis of the Skin -- Ocular Sarcoidosis -- The Parotid and Other Salivary Glands and Lachrymal Glands -- The Spleen in Sarcoidosis -- The Liver in Sarcoidosis -- Renal Sarcoidosis -- Sarcoidosis of the Heart -- Neurosarcoidosis -- Bone Sarcoidosis -- Endocrine Involvement -- Gastrointestinal Tract in Sarcoidosis -- Sarcoidosis of the Upper Respiratory Tract -- Sarcoidosis and Malignancy. 
520 |a Sarcoidosis is a complex multisystem disease. Shortness of breath (dyspnea) and a cough that won't go away can be among the first symptoms of sarcoidosis, but sarcoidosis can also show up suddenly with the appearance of skin rashes and other dermatoses. An Atlas of Sarcoidosis: Pathogenesis, Diagnosis and Clinical Features combines illustrations and clinical images of the authors' extensive practices, so that readers have unparalleled access to a comprehensive collection of sarcoidosis images. The atlas is designed to complement and provide a visual supplement to already existing texts on sarcoidosis. Each organ involvement is dealt in a brief and easy to comprehend manner. Various radiographic and laboratory abnormalities are then linked to the clinical features in order to encourage a smooth and easy practical integration at the bedside and to help practising pulmonologists, dermatologists and other clinicians who require a comprehensive visual encyclopedia of sarcoidosis images. 
650 0 |a Medicine. 
650 0 |a Immunology. 
650 0 |a Dermatology. 
650 0 |a Radiology. 
650 0 |a Respiratory organs  |x Diseases. 
650 1 4 |a Medicine & Public Health. 
650 2 4 |a Dermatology. 
650 2 4 |a Immunology. 
650 2 4 |a Imaging / Radiology. 
650 2 4 |a Diagnostic Radiology. 
650 2 4 |a Pneumology/Respiratory System. 
700 1 |a Sharma, Om P.  |e author. 
710 2 |a SpringerLink (Online service) 
773 0 |t Springer eBooks 
776 0 8 |i Printed edition:  |z 9781852338091 
856 4 0 |u http://dx.doi.org/10.1007/b138736  |z Full Text via HEAL-Link 
912 |a ZDB-2-SME 
950 |a Medicine (Springer-11650)